[Event "Guernsey op 34th"]
[Site "Guernsey"]
[Date "2008.10.21"]
[Round "3"]
[White "Kamps, JW."]
[Black "Dennis, Nigel W"]
[Result "1-0"]
[WhiteElo "2039"]
[BlackElo "1978"]
[PlyCount "105"]
[EventDate "2008.10.19"]
[EventType "swiss"]
[EventRounds "7"]
[EventCountry "GCI"]
[SourceTitle "EXT 2009"]
[Source "ChessBase"]
[SourceDate "2008.11.26"]
[SourceVersion "1"]
[SourceVersionDate "2008.11.26"]
[SourceQuality "1"]

1. e4 c5 2. Nf3 e6 3. Nc3 a6 4. d4 cxd4 5. Nxd4 g6 6. g3 Bg7 7. Bg2 Ne7 8. a4 0-0 9. 0-0 Nbc6 10. Nde2 Qa5 11. Bf4 Rd8 12. Bd6 Be5 13. b4 Qb6 14. Bc5 Qc7 15. a5 Qb8 16. f4 Bc7 17. f5 d6 18. fxg6 dxc5 19. gxf7+ Kf8 20. Qc1 Be5 21. Qh6+ Bg7 22. Qxh7 cxb4 23. Nf4 Ne5 24. Nh5 Nf3+ 25. Rxf3 Qe5 26. Nxg7 Qxg7 27. Qxg7+ Kxg7 28. Na4 e5 29. Nb6 Rb8 30. Nc4 Bg4 31. Rf2 Nc6 32. Raf1 Kf8 33. Bf3 Be6 34. Be2 Rd4 35. Nb6 Nxa5 36. Rf6 Bc4 37. Bxc4 Nxc4 38. Rg6 Ke7 39. Nd5+ Rxd5 40. exd5 Rf8 41. Re6+ Kd7 42. g4 Ne3 43. Rf3 Nxc2 44. Rb6 e4 45. Rf2 Kc7 46. Rg6 b3 47. Rg8 e3 48. Rxf8 exf2+ 49. Kxf2 b2 50. Rc8+ Kb6 51. f8Q Ka5 52. Qc5+ b5 53. Qxc2 1-0

[Event "Maastricht Limburg op"]
[Site "Maastricht"]
[Date "2008.05.11"]
[Round "5"]
[White "Kamps, JW."]
[Black "Schaeken, Yordi"]
[Result "1/2-1/2"]
[WhiteElo "2089"]
[BlackElo "1916"]
[PlyCount "66"]
[EventDate "2008.05.09"]
[EventType "swiss"]
[EventRounds "7"]
[EventCountry "NED"]
[SourceTitle "EXT 2009"]
[Source "ChessBase"]
[SourceDate "2008.11.26"]
[SourceVersion "1"]
[SourceVersionDate "2008.11.26"]
[SourceQuality "1"]

1. e4 c5 2. Nc3 Nc6 3. f4 g6 4. Nf3 Bg7 5. Bb5 Nd4 6. 0-0 a6 7. Bd3 e6 8. Nxd4 cxd4 9. Ne2 d5 10. e5 Ne7 11. b3 Nc6 12. Ba3 Qa5 13. Bb2 Qb6 14. Qe1 0-0 15. Qg3 Bd7 16. a4 f6 17. exf6 Bxf6 18. Ba3 Rf7 19. f5 exf5 20. Nf4 Nb4 21. Bxb4 Qxb4 22. Nxd5 Qxd2 23. Nb6 Re8 24. Nxd7 Rxd7 25. Bxf5 Be5 26. Qg4 Rd6 27. Bd3 h5 28. Qf3 Qe3+ 29. Kh1 Qxf3 30. Rxf3 Rf8 31. Bc4+ Kg7 32. Rxf8 Kxf8 33. Rf1+ Rf6 1/2-1/2

[Event "Guernsey op 33rd"]
[Site "Guernsey"]
[Date "2007.10.27"]
[Round "7"]
[White "Lewyk, Ihor"]
[Black "Kamps, JW."]
[Result "1/2-1/2"]
[WhiteElo "2105"]
[BlackElo "2077"]
[PlyCount "28"]
[EventDate "2007.10.21"]
[EventType "swiss"]
[EventRounds "7"]
[EventCountry "GCI"]
[SourceTitle "EXT 2009"]
[Source "ChessBase"]
[SourceDate "2008.11.26"]
[SourceVersion "1"]
[SourceVersionDate "2008.11.26"]
[SourceQuality "1"]

1. Nf3 Nf6 2. d4 d6 3. g3 c6 4. Bg2 Nbd7 5. 0-0 e5 6. dxe5 dxe5 7. b3 Bc5 8. e3 0-0 9. Bb2 Qc7 10. c4 Re8 11. Nc3 Nb6 12. Qc2 Bf8 13. Ng5 h6 14. Nf3 a5 1/2-1/2

[Event "Guernsey op 33rd"]
[Site "Guernsey"]
[Date "2007.10.25"]
[Round "5"]
[White "Kamps, JW."]
[Black "Taylor, Mark V"]
[Result "1-0"]
[WhiteElo "2077"]
[BlackElo "2150"]
[PlyCount "77"]
[EventDate "2007.10.21"]
[EventType "swiss"]
[EventRounds "7"]
[EventCountry "GCI"]
[SourceTitle "EXT 2009"]
[Source "ChessBase"]
[SourceDate "2008.11.26"]
[SourceVersion "1"]
[SourceVersionDate "2008.11.26"]
[SourceQuality "1"]

1. e4 e6 2. d4 b6 3. Nc3 Bb7 4. Bd3 c5 5. Nf3 cxd4 6. Nxd4 a6 7. a4 d6 8. 0-0 Nf6 9. Kh1 Be7 10. f4 Nbd7 11. Qe1 Qc7 12. Nf3 Nc5 13. Bd2 d5 14. e5 Nfe4 15. Bxe4 Nxe4 16. Nxe4 dxe4 17. Nd4 Bc5 18. Bc3 0-0-0 19. Nb3 Rd5 20. Nxc5 Rxc5 21. Qe3 Rd8 22. Bd4 Rxd4 23. Qxd4 e3 24. Qxe3 Rxc2 25. Rf2 Kb8 26. h3 Qc6 27. Raf1 Qxg2+ 28. Rxg2 Rxg2 29. Rf3 Rg3 30. Qxb6 Rxf3 31. Qd8+ Ka7 32. Qd4+ Ka8 33. Kh2 h5 34. b3 Bd5 35. Qb6 Rxf4 36. Qxa6+ Kb8 37. Qb6+ Kc8 38. a5 h4 39. Kg1 1-0

[Event "Leiden SB-ch"]
[Site "Leiden"]
[Date "2007.06.19"]
[Round "6"]
[White "Kamps, JW."]
[Black "Van de Peut, Aart A"]
[Result "1-0"]
[WhiteElo "2015"]
[BlackElo "1924"]
[PlyCount "95"]
[EventDate "2007.05.15"]
[EventType "swiss"]
[EventRounds "7"]
[EventCountry "NED"]
[SourceTitle "EXT 2012"]
[Source "ChessBase"]
[SourceDate "2011.11.24"]
[SourceVersion "1"]
[SourceVersionDate "2011.11.24"]
[SourceQuality "1"]

1. e4 e6 2. d4 d5 3. e5 c5 4. c3 Qb6 5. Nf3 Nc6 6. a3 Nh6 7. b4 cxd4 8. cxd4 Bd7 9. Bxh6 gxh6 10. Be2 Bg7 11. 0-0 0-0 12. Nc3 Nxd4 13. Qxd4 Qxd4 14. Nxd4 Bxe5 15. Rad1 Rac8 16. Ncb5 a6 17. Nf3 Bxb5 18. Bxb5 Bb2 19. Rb1 Bxa3 20. Bd7 Rc4 21. b5 Rc7 22. Ne5 Rd8 23. bxa6 bxa6 24. Ba4 f6 25. Nc6 Rdc8 26. Nd4 Kf7 27. Rfe1 Re7 28. Bb3 Rc5 29. Nc2 Ra5 30. Ra1 Bb4 31. Nxb4 Rxa1 32. Rxa1 Rb7 33. Bxd5 Rxb4 34. Bf3 a5 35. g3 Rb5 36. Rc1 a4 37. Ra1 Ra5 38. Ra3 Ke7 39. Bd1 Kd6 40. Rxa4 Rxa4 41. Bxa4 f5 42. Bc2 Ke5 43. Kg2 Kf6 44. f4 e5 45. fxe5+ Kxe5 46. Kf3 h5 47. h4 Kf6 48. Kf4 1-0

[Event "Guernsey op 30th"]
[Site "Guernsey"]
[Date "2004.10.09"]
[Round "7"]
[White "Morcom, Huw"]
[Black "Kamps, JW."]
[Result "0-1"]
[WhiteElo "2031"]
[BlackElo "2101"]
[PlyCount "70"]
[EventDate "2004.10.03"]
[EventType "swiss"]
[EventRounds "7"]
[EventCountry "GCI"]
[SourceTitle "CBM 102 Extra"]
[Source "ChessBase"]
[SourceDate "2004.11.03"]
[SourceVersion "1"]
[SourceVersionDate "2004.11.03"]
[SourceQuality "1"]

1. e4 c5 2. Nf3 Nc6 3. Bb5 g6 4. 0-0 Bg7 5. c3 Nf6 6. Re1 0-0 7. h3 d5 8. e5 Ne8 9. d4 Qb6 10. Bxc6 bxc6 11. dxc5 Qxc5 12. Be3 Qb5 13. b4 Nc7 14. Bc5 Re8 15. a4 Qb7 16. Nbd2 Ne6 17. Nb3 Qc7 18. Qe2 a5 19. Nfd4 Nxc5 20. Nxc5 e6 21. Rab1 Bf8 22. Ndb3 axb4 23. cxb4 Qb6 24. Rec1 Qxb4 25. Qd3 Qf4 26. Qc3 Bg7 27. Nd3 Qf5 28. Nd4 Qh5 29. Nxc6 Ba6 30. Ncb4 Bxd3 31. Nxd3 Rxa4 32. Rb7 Rc4 33. Qa1 Bxe5 34. Nxe5 Rxc1+ 35. Qxc1 Qxe5 0-1

[Event "Guernsey op 30th"]
[Site "Guernsey"]
[Date "2004.10.04"]
[Round "2"]
[White "Kamps, JW."]
[Black "Hamperl, Fred A"]
[Result "1/2-1/2"]
[WhiteElo "2101"]
[BlackElo "1961"]
[PlyCount "92"]
[EventDate "2004.10.03"]
[EventType "swiss"]
[EventRounds "7"]
[EventCountry "GCI"]
[SourceTitle "CBM 102 Extra"]
[Source "ChessBase"]
[SourceDate "2004.11.03"]
[SourceVersion "1"]
[SourceVersionDate "2004.11.03"]
[SourceQuality "1"]

1. e4 c5 2. Nc3 Nc6 3. f4 e6 4. Nf3 d5 5. Bb5 dxe4 6. Bxc6+ bxc6 7. Nxe4 Nf6 8. Qe2 Nxe4 9. Qxe4 Qd5 10. d3 Be7 11. c4 Qd6 12. b3 Bf6 13. Ne5 0-0 14. Ba3 Rd8 15. Rd1 Qd4 16. Qxd4 Rxd4 17. g3 Bb7 18. Bxc5 Rdd8 19. Ke2 g6 20. h4 Bg7 21. d4 Bf8 22. Nd3 Bg7 23. Ke3 a5 24. h5 a4 25. Bb6 c5 26. Nxc5 Bxh1 27. Rxh1 Bxd4+ 28. Kd3 Bxc5+ 29. Bxd8 Rxd8+ 30. Kc3 axb3 31. axb3 Bf2 32. g4 Kf8 33. hxg6 hxg6 34. f5 gxf5 35. gxf5 Ke7 36. f6+ Kd6 37. Rh7 Rd7 38. b4 Ke5 39. c5 Kxf6 40. Kc4 Ke7 41. Rh2 Bg3 42. Ra2 f5 43. b5 f4 44. b6 f3 45. c6 f2 46. Ra8 Rd8 1/2-1/2

[Event "Leiden SB-ch"]
[Site "Leiden"]
[Date "2004.07.07"]
[Round "7"]
[White "Kamps, JW."]
[Black "Oei, Hway Ik"]
[Result "0-1"]
[WhiteElo "1951"]
[BlackElo "2144"]
[PlyCount "88"]
[EventDate "2004.05.19"]
[EventType "swiss"]
[EventRounds "7"]
[EventCountry "NED"]
[SourceTitle "EXT 2012"]
[Source "ChessBase"]
[SourceDate "2011.11.24"]
[SourceVersion "1"]
[SourceVersionDate "2011.11.24"]
[SourceQuality "1"]

1. e4 c5 2. Nc3 Nc6 3. f4 g6 4. Nf3 Bg7 5. Bb5 Nd4 6. 0-0 Nxb5 7. Nxb5 d5 8. e5 a6 9. Nc3 d4 10. Ne4 Qd5 11. d3 Nh6 12. Qe1 0-0 13. Qa5 Bf5 14. Ng3 Bd7 15. b3 Rfc8 16. Ba3 b5 17. Rae1 Ng4 18. Bc1 Bc6 19. h3 Nh6 20. Re2 Rd8 21. Qe1 Rac8 22. Ne4 Ba8 23. g4 f5 24. exf6 exf6 25. Ng3 Nf7 26. f5 Bc6 27. Ne4 g5 28. Qg3 h6 29. h4 Re8 30. Kf2 c4 31. Bb2 Ne5 32. Nxe5 Rxe5 33. hxg5 hxg5 34. Rh1 cxb3 35. axb3 b4 36. Qh3 Qd7 37. Qh7+ Kf8 38. Ra1 Rce8 39. Kf3 Qb7 40. Bxd4 Bxe4+ 41. Kf2 Bxf5 42. Bc5+ Kf7 43. Qh5+ Bg6 44. Rxe5 Rxe5 0-1

[Event "Leiden SB-ch"]
[Site "Leiden"]
[Date "2004.05.26"]
[Round "2"]
[White "De Heer, Machiel"]
[Black "Kamps, JW."]
[Result "1-0"]
[WhiteElo "2228"]
[BlackElo "1951"]
[PlyCount "73"]
[EventDate "2004.05.19"]
[EventType "swiss"]
[EventRounds "7"]
[EventCountry "NED"]
[SourceTitle "EXT 2012"]
[Source "ChessBase"]
[SourceDate "2011.11.24"]
[SourceVersion "1"]
[SourceVersionDate "2011.11.24"]
[SourceQuality "1"]

1. d4 f5 2. Nf3 Nf6 3. g3 g6 4. Bg2 Bg7 5. 0-0 0-0 6. c4 d6 7. Nc3 Qe8 8. Re1 Qf7 9. b3 Ne4 10. Bb2 Nd7 11. Qc2 Ndf6 12. Nxe4 Nxe4 13. d5 Bxb2 14. Qxb2 c5 15. dxc6 bxc6 16. Nd2 Bd7 17. e3 Nc5 18. Qd4 Qf6 19. b4 e5 20. Qc3 Ne6 21. c5 d5 22. Nf3 e4 23. Qxf6 Rxf6 24. Ne5 Be8 25. a4 a5 26. b5 cxb5 27. c6 bxa4 28. Rec1 Rc8 29. Rxa4 Ng5 30. Rxa5 Nf7 31. Rxd5 Nxe5 32. Rxe5 Kf8 33. c7 Rb6 34. f3 Rb3 35. fxe4 Rxe3 36. Rd5 Ke7 37. exf5 1-0

[Event "Leiden SB-ch"]
[Site "Leiden"]
[Date "2004.05.19"]
[Round "1"]
[White "Kamps, JW."]
[Black "Heemskerk, Wim"]
[Result "1/2-1/2"]
[WhiteElo "1951"]
[BlackElo "2176"]
[PlyCount "82"]
[EventDate "2004.05.19"]
[EventType "swiss"]
[EventRounds "7"]
[EventCountry "NED"]
[SourceTitle "EXT 2012"]
[Source "ChessBase"]
[SourceDate "2011.11.24"]
[SourceVersion "1"]
[SourceVersionDate "2011.11.24"]
[SourceQuality "1"]

1. e4 d6 2. d4 g6 3. Nc3 Bg7 4. Be3 c6 5. Qd2 Nd7 6. Nf3 b5 7. Bd3 Ngf6 8. Bh6 Bxh6 9. Qxh6 e5 10. 0-0 Qe7 11. a4 b4 12. Ne2 a5 13. c3 Ba6 14. Bxa6 Rxa6 15. Ng3 bxc3 16. bxc3 Ng4 17. Qd2 h5 18. Qd3 Ra7 19. h4 0-0 20. Rfb1 Re8 21. Ra2 Qf6 22. Nf1 d5 23. dxe5 Ndxe5 24. Nxe5 Nxe5 25. Qd4 Rd7 26. Ne3 dxe4 27. Qxe4 Rde7 28. Rab2 Ng4 29. Nxg4 hxg4 30. Qxg4 Qxc3 31. g3 Qc5 32. Rb8 Kg7 33. Rxe8 Rxe8 34. Qf4 Qd5 35. Rc1 Re4 36. Qc7 Re2 37. Qb6 c5 38. Qxa5 g5 39. hxg5 Re5 40. Qc3 Kg8 41. Rb1 c4 1/2-1/2

[Event "Leiden SB-ch"]
[Site "Leiden"]
[Date "2002.06.18"]
[Round "5"]
[White "Harmsen, Victor"]
[Black "Kamps, JW."]
[Result "1/2-1/2"]
[WhiteElo "1194"]
[BlackElo "2050"]
[PlyCount "138"]
[EventDate "2002.05.21"]
[EventType "swiss"]
[EventRounds "7"]
[EventCountry "NED"]
[SourceTitle "EXT 2003"]
[Source "ChessBase"]
[SourceDate "2002.11.25"]
[SourceVersion "1"]
[SourceVersionDate "2002.11.25"]
[SourceQuality "1"]

1. e4 c5 2. c3 d5 3. exd5 Qxd5 4. Qf3 Nf6 5. Qxd5 Nxd5 6. Bc4 Nb6 7. Bb5+ N8d7 8. Nf3 a6 9. Bxd7+ Bxd7 10. d4 cxd4 11. Nxd4 e5 12. Nf3 f6 13. Nbd2 Bc6 14. 0-0 0-0-0 15. Re1 g5 16. Ne4 g4 17. Nfd2 Be7 18. Ng3 h5 19. Nf5 Bf8 20. g3 Bd7 21. Nh4 Rg8 22. Ne4 Be7 23. Be3 Nc4 24. Bc5 Bxc5 25. Nxc5 Nxb2 26. Rab1 Na4 27. Nxd7 Rxd7 28. Re4 Nc5 29. Rc4 Rc7 30. Nf5 Rd8 31. Rb6 Nd7 32. Rxc7+ Kxc7 33. Rd6 Rf8 34. Re6 Rg8 35. Re7 Rg5 36. Ne3 Kd6 37. Rh7 b5 38. c4 e4 39. cxb5 axb5 40. a3 Rc5 41. Kg2 Ke6 42. h3 gxh3+ 43. Kxh3 Rc3 44. Rxh5 Ne5 45. Nf5 Nf3 46. Ng7+ Kf7 47. Nf5 Kg6 48. g4 Ng5+ 49. Kg2 Rxa3 50. Rh8 b4 51. Rb8 Rb3 52. Rb7 Nf7 53. Re7 Rb1 54. Rxe4 Ne5 55. Ne7+ Kf7 56. Nd5 Nd3 57. Rd4 Rb3 58. Re4 Rb2 59. Kg3 b3 60. Re7+ Kf8 61. f3 Rb1 62. Rb7 b2 63. Kh2 Rc1 64. Nxf6 b1Q 65. Rxb1 Rxb1 66. Kg3 Kf7 67. g5 Rg1+ 68. Kh4 Kg6 69. Ng4 Ne5 1/2-1/2